• 首页
  • 本馆介绍
  • 公告通知
  • 最新文献
  • 馆藏检索
  • 电子资源
  • 读者导购
  • 参考咨询
  • 我的图书馆
  • 登录
  • 详细信息显示
  • 放入我的书架
  • 预约/预借图书
  • 作者相关作品
  • 分类相关作品
  • 丛书相关作品
  • 出版社相关作品

书目信息

  • 表格格式
  • 工作单格式
  • 卡片格式
题名:
论《广语丝》
    
 
作者: 余飘 编著
分册:  
出版信息: 北京   中国文史出版社  2008
页数: 362页
开本: 21cm
丛书名:
单 册:
中图分类: I207.6 , I206.7
科图分类:
主题词: 杂文 , 文学研究 , 文学--中国
电子资源:
ISBN: 978-7-5034-2167-9
000 00984nam0 2200325 450
001 1357353938
005 20131010155755.14
010    @a978-7-5034-2167-9@dCNY180.00(全套)
090    @aI207.6@byp
096    @aI207.6@byp
100    @a20090313d2008 kemy0chiy50 ea
101 0  @achi
102    @aCN@b110000
105    @aa z 000zy
106    @ar
200 1  @a论《广语丝》@b专著@f余飘编著@Alun 《 guang yu si 》
210    @a北京@c中国文史出版社@d2008
215    @a362页@c照片@d21cm
300    @a百年欧阳山/余飘,李天平,欧阳代娜主编
330    @a本书收录了《广语丝》问世后,20多年来在不同年代,不同领域的各条战线上广大读者对它的评论。
600  0 @a欧阳山@x杂文@x文学研究
600  0 @a欧阳山
606 0  @a杂文
606 0  @a文学研究
606 0  @a文学@x中国
690    @aI207.6@v4
690    @aI206.7@v4
701  0 @a余飘@f(1928~)@4编著@Ayu piao
801  0 @aCN@b大连网信软件有限公司图书馆·11@c20131010
905    @aZUCC@dI206.7@e282:3
    
    论《广语丝》/余飘编著.-北京:中国文史出版社,2008
    362页:照片;21cm
    百年欧阳山/余飘,李天平,欧阳代娜主编
    
    ISBN 978-7-5034-2167-9:CNY180.00(全套)
    本书收录了《广语丝》问世后,20多年来在不同年代,不同领域的各条战线上广大读者对它的评论。
●
相关链接 在E读中查询图书 在五车中查询图书 在当当中查询图书 在豆瓣中查询图书


正题名:论《广语丝》     索取号:I206.7/282:3         预约/预借

序号 登录号 条形码 馆藏地/架位号 状态 备注
1 0625703   206257030   第一样本阅览室/ [索取号:I206.7/282:3] 在馆    
唐山师范学院图书馆 欢迎您!
大连网信软件有限公司© 版权所有